| 000 | 00739nam a2200169 i 4500 | ||
|---|---|---|---|
| 001 | 187794 | ||
| 003 | ES-MaACL | ||
| 005 | 20230906223030.0 | ||
| 008 | 180223s1860 sp |||| | spa d | ||
| 245 | 0 | 0 | _aExposición elevada a S. M. por la Comisión Permanente de Propietarios de Barcelona, acerca del proyecto aprobado de reforma interior de dicha ciudad. |
| 260 |
_a[S.l.] : _b[s.n.], _c1860 ( _eBarcelona : _fImp. del Diario de Barcelona, a cargo de Francisco Gabañach) |
||
| 300 |
_a24 p. ; _c25 cm. |
||
| 530 | _aDisponible en formato digital. | ||
| 650 | 4 |
_aPlanes especiales- _zBarcelona. _9164319 |
|
| 852 |
_aES-MaACL _jT-65-F-11 |
||
| 856 |
_uhttp://bdh-rd.bne.es/viewer.vm?id=0000085208&page=1 _zBiblioteca Digital Hispánica |
||
| 999 |
_c187794 _d187794 |
||